| 000 | 00611nam a2200205 a 4500 | ||
|---|---|---|---|
| 005 | 20240924071435.0 | ||
| 008 | 991125s1998 arg 000 0 spa u | ||
| 020 | _a9879191242 | ||
| 035 | _aUPN01000037754 | ||
| 049 | _aCG | ||
| 050 | 4 |
_aGF26 _bO8.5 |
|
| 100 | 1 | _aOtero, Alberto | |
| 245 | 1 | 0 |
_aMedio ambiente y educación : _bcapacitación ambiental para docentes / _cAlberto Otero. |
| 260 |
_aArgentina : _bNovedades Educativas, _c1998. |
||
| 300 | _a219 p. | ||
| 440 | 0 | _aReflexión y debate | |
| 650 | 4 |
_aEducación ambiental _94338 |
|
| 650 | 4 |
_aMaestros _xFormación profesional _9804 |
|
| 905 | _aLibro | ||
| 999 |
_c37754 _d37754 |
||